000 00429cam a2200169ua 4500
020 _a0-07-Y 66643-1
041 _aeng
_h
082 _a518
_bWYL/AD
100 _aWylie, C Ray .
245 _aAdvanced engineering mathematics /
_cC Ray Wylie.
_hTextual Documents
250 _a5 /
_b.
260 _aNew York :
_bMcGraw Hill Book Company ,
_c1973.
300 _a1103 ; .
504 _a
942 _cBK
999 _c11312
_d11312